Floorball Champions Cup men's champions - Statistics

General Stats
  • This quiz has been taken 38 times
    18 since last reset
  • The average score is 11 of 15
Answer Stats
Year Champion Runner-up % Correct
2019 Classic Storvreta IBK
83%
2023 IBF Falun Classic
83%
2017 IBF Falun Classic
83%
2015 IBF Falun SV Wiler-Ersigen
83%
2014 IBF Falun Happee Jyväskylä
83%
2013 IBF Falun SPV Seinäjoki
83%
2026 Storvreta IBK IBF Falun
83%
2020 Storvreta IBK SV Wiler-Ersigen
83%
2016 Storvreta IBK Classic
83%
2012 Storvreta IBK IBK Dalen
83%
2022 cancelled due to covid cancelled due to covid
50%
2021 cancelled due to covid cancelled due to covid
50%
2025 Pixbo Wallenstam IBK Florbal MB
50%
2024 Tatran Střešovice IBF Falun
50%
2011 SSV Helsinki Tatran Střešovice
25%
No matching quizzes found
Score Distribution
Percent of People with Each Score
Percentile by Number Answered
Your Score History
You have not taken this quiz since the last reset